| 000 | 00767 a2200229 4500 | ||
|---|---|---|---|
| 001 | 55040 | ||
| 005 | 20260407155826.0 | ||
| 008 | 260407a1997 arg spa d | ||
| 003 | AR-UNSa-BCEJYS | ||
| 040 |
_aAR-UNSa-BCEJYS _bspa _cAR-UNSa-BCEJYS |
||
| 080 |
_a37.015.3 _xPsicología de la educación |
||
| 245 | 1 | 0 | _aTeorías cognitivas del aprendizaje |
| 020 | _a84-7112-335-5 | ||
| 250 | _a5a. ed. | ||
| 264 | 1 |
_aMadrid : _bEdiciones Morata _c1997 |
|
| 300 |
_a286 p. _c24 cm. |
||
| 505 | _a1. La psicología del aprendizaje: del conductismo a la psicología cognitiva – 2. Aprendizaje por asociación – 3. Aprendizaje por reestructuración. | ||
| 041 | _aspa | ||
| 942 | _cBK | ||
| 590 | _aniveau_biblio:m niveau_hierar:0 | ||
| 100 | 1 | _aPozo, Juan Ignacio | |
| 999 |
_c5883 _d5883 |
||